00390nam a2200157Ia 4500008004100000020001500041082001800056100001800074245003600092250000900128260002500137300001300162500002400175650001600199700001700215230524s9999 xx 000 0 und d a0074622349 a621.3821bMIL aJacob Millman 0aElectronic Devices and Circuits a32TH aNEW DELHIbTMHc2004 aXIII;745 aQuantity Number: 7 aElectronics a C.C.Halkias